00587cam a2200157 a 4500020002700000040000800027082002700035100002100062245003900083260005100122300002900173490002000202520016800222650002400390650001500414 a0899080782 (lib. bdg.) cDLC00a575 GRE 1990 A035 Or.1 aBailey, Marilyn.10aEvolution :bopposing viewpoints / aSan Diego, Calif. :bGreenhaven Press,cc1990. a112 p. :bill. ;c24 cm.1 aGreat mysteries aPresents differing views of experts on the origins of earth and its creatures. Explores the Bible story, Darwinian theories, fossils, and carbon-dating techniques. 0aEvolution (Biology) 1aEvolution.